000 00499cam a2200193ua 4500
001 597
008 110409n ii |||gr||||Z||||||eng
040 _cMAIN
082 _a327.1
245 _aAntrajatik rajniti.
_cBy Kripesh Chandra Paul.
250 _a1st.
260 _aGowahati.:
_bArun prakashan.,
_c2010.
300 _axi, 540 p.:5 cm.
653 _aPolitical science.
653 _aAntrajatik rajniti,
700 _aPaul, Kripesh Chandra.,
700 _aNayak, Pratul Chandra.,
942 _cBK
999 _c530
_d530